Dino Merlin Studio Albums - Statistics

General Stats
  • This quiz has been taken 39 times
    15 since last reset
  • The average score is 10 of 12
Answer Stats
Year Album % Correct
2004 Burek
100%
2014 Hotel Nacional
100%
2008 Ispočetka
100%
1993 Moja bogda sna
100%
2000 Sredinom
100%
1995 Fotografija
88%
1985 Kokuzna vremena
88%
2025 Mi
88%
1989 Nešto lijepo treba da se desi
75%
1987 Merlin
63%
1986 Teško meni sa tobom (a još teže bez tebe)
63%
1990 Peta strana svijeta
50%
No matching quizzes found
Score Distribution
Percent of People with Each Score
Percentile by Number Answered
Your Score History
You have not taken this quiz since the last reset